| 000 | nam a22 a 4500 | ||
|---|---|---|---|
| 999 |
_c1466 _d1466 |
||
| 005 | 20170509155417.0 | ||
| 008 | 170509b1987 xxu||||| |||| 00| 0 eng d | ||
| 020 | _a0534068642 | ||
| 040 | _aAKMAL | ||
| 082 | _a306.2 SHE | ||
| 090 |
_a306.2 _bSHE |
||
| 100 |
_aSherman, Arnold K. _92905 |
||
| 245 | 0 | 4 |
_aThe social bases of politics / _cArnold K. Sherman, Aliza Kolker. |
| 260 |
_aBelmont, Calif. _b Wadsworth Pub. Co., _cc1987. |
||
| 300 | _ccm | ||
| 700 |
_aKolker, Aliza. _92906 |
||
| 852 |
_aBritish Library _bDSC |
||
| 942 |
_2ddc _cBOOK |
||